[Event "ROM-ch U14"]
[Site "Calimanesti Caciulata"]
[Date "2019.04.17"]
[Round "3"]
[White "Pantazi, Gabriel"]
[Black "Mechenici, Alin Stefanita"]
[Result "1-0"]
[WhiteElo "1134"]
[BlackElo "1001"]
[PlyCount "97"]
[EventDate "2019.04.15"]
[EventType "swiss"]
[EventRounds "9"]
[EventCountry "ROU"]
[SourceTitle "CBM 190 Extra"]
[Source "ChessBase"]
[SourceDate "2019.07.15"]
[SourceVersion "1"]
[SourceVersionDate "2019.07.15"]
[SourceQuality "1"]

1. d4 g6 2. Bf4 d6 3. e3 Bg7 4. c3 Nd7 5. Nf3 e5 6. dxe5 dxe5 7. Bg3 Ne7 8. Nbd2 0-0 9. Be2 Nf5 10. 0-0 Nxg3 11. hxg3 Nc5 12. Re1 Qd5 13. Nc4 Qe6 14. Qd2 Bd7 15. Rad1 Rad8 16. Qd5 Qe7 17. b4 c6 18. Qxc5 Qe8 19. Nd6 Qe6 20. Nxb7 Rb8 21. Bc4 Qf5 22. Na5 Be6 23. Bxe6 Qxe6 24. Qc4 Qc8 25. Nxc6 Rb7 26. Qd5 Bf6 27. Na5 Rc7 28. Rc1 Rxc3 29. Rxc3 Qxc3 30. Qd2 Qc7 31. Rc1 Qb6 32. Rc6 Qb8 33. Rxf6 e4 34. Nd4 Qd8 35. Rc6 Qd7 36. Qc3 Qg4 37. Qc2 Rb8 38. a3 Rd8 39. Kf1 Rd5 40. Qe2 Qg5 41. Ke1 Qh6 42. Rc5 Rd6 43. Qb5 Kg7 44. Rc6 Rxd4 45. Qe5+ f6 46. Qxd4 Qg5 47. Qxe4 h5 48. Qe7+ Kh6 49. Qf8+ 1-0

[Event "ROM-ch U14"]
[Site "Calimanesti Caciulata"]
[Date "2019.04.16"]
[Round "2"]
[White "Bobeanu, Stefan Valentin"]
[Black "Pantazi, Gabriel"]
[Result "1-0"]
[WhiteElo "1446"]
[BlackElo "1134"]
[PlyCount "111"]
[EventDate "2019.04.15"]
[EventType "swiss"]
[EventRounds "9"]
[EventCountry "ROU"]
[SourceTitle "CBM 190 Extra"]
[Source "ChessBase"]
[SourceDate "2019.07.15"]
[SourceVersion "1"]
[SourceVersionDate "2019.07.15"]
[SourceQuality "1"]

1. e4 d5 2. exd5 Qxd5 3. Nc3 Qa5 4. d4 c6 5. Nf3 Nf6 6. Bd2 Qc7 7. h3 Bf5 8. Bc4 h6 9. 0-0 e6 10. Bb3 Bd6 11. Re1 0-0 12. a3 Nbd7 13. Be3 Rfe8 14. Nd2 Bh7 15. Kh1 Bf4 16. Qf3 Bxe3 17. Rxe3 Nb6 18. Rd1 Nfd5 19. Nxd5 Nxd5 20. Bxd5 cxd5 21. Rc1 Qb6 22. Nb3 Rac8 23. Rc3 Be4 24. Qe3 Rc7 25. f3 Bg6 26. Rb1 Bxc2 27. Rxc7 Bxb1 28. Qc3 Ba2 29. Na5 Rb8 30. b4 Bc4 31. Re7 Qd6 32. Rxb7 Rxb7 33. Nxb7 Qc7 34. Na5 Kf8 35. Kg1 Ke7 36. Kf2 Kd7 37. Nxc4 Qxc4 38. Qxc4 dxc4 39. Ke3 Kc6 40. Kd2 Kb5 41. Kc3 g6 42. g3 f6 43. f4 h5 44. a4+ Kxa4 45. Kxc4 a6 46. Kc5 Kb3 47. b5 axb5 48. Kxb5 Kc3 49. Kc6 Kxd4 50. Kd6 Kd3 51. Kxe6 Ke3 52. Kxf6 Kf3 53. Kxg6 Kxg3 54. Kg5 Kxh3 55. Kxh5 Kg3 56. Kg5 1-0

[Event "ROM-ch U10"]
[Site "Calimanesti Caciulata"]
[Date "2016.04.18"]
[Round "1"]
[White "Pantazi, Gabriel"]
[Black "Sida, Flavius Ovidiu"]
[Result "0-1"]
[WhiteElo "1001"]
[BlackElo "1277"]
[PlyCount "57"]
[EventDate "2016.04.18"]
[EventType "swiss"]
[EventRounds "9"]
[EventCountry "ROU"]
[SourceTitle "CBM 172 Extra"]
[Source "ChessBase"]
[SourceDate "2016.06.21"]
[SourceVersion "1"]
[SourceVersionDate "2016.06.21"]
[SourceQuality "1"]

1. e4 c5 2. d4 cxd4 3. c3 dxc3 4. Nxc3 Nc6 5. Nf3 Nf6 6. Bc4 e6 7. 0-0 Be7 8. Re1 b6 9. a3 Bb7 10. e5 d5 11. exf6 dxc4 12. fxe7 Qxe7 13. Bg5 f6 14. Bf4 Rd8 15. Qe2 Na5 16. Rad1 0-0 17. Nb5 Nc6 18. Bd6 Rxd6 19. Nxd6 Rd8 20. Nxb7 Rxd1 21. Rxd1 Qxb7 22. Nd4 e5 23. Nxc6 Qxc6 24. Rd8+ Kf7 25. Qd1 Kg6 26. Qh5+ Kxh5 27. Rd2 Qe4 28. h3 Qe1+ 29. Kh2 0-1

[Event "ROM-ch U08"]
[Site "Calimanesti"]
[Date "2014.04.09"]
[Round "5"]
[White "Pantazi, Gabriel"]
[Black "Moisescu, Cristian Andrei"]
[Result "0-1"]
[WhiteElo "1001"]
[BlackElo "1004"]
[PlyCount "50"]
[EventDate "2014.04.06"]
[EventType "swiss"]
[EventRounds "9"]
[EventCountry "ROU"]
[SourceTitle "CBM 160 Extra"]
[Source "ChessBase"]
[SourceDate "2014.07.01"]
[SourceVersion "1"]
[SourceVersionDate "2014.07.01"]
[SourceQuality "1"]

1. e4 e5 2. Nf3 Nc6 3. Nc3 Nf6 4. Bc4 Bb4 5. 0-0 0-0 6. d3 d6 7. Bg5 Bg4 8. Nd5 h6 9. Nxf6+ gxf6 10. Bxh6 Re8 11. h3 Bh5 12. Kh1 Nd4 13. Rg1 Nxf3 14. gxf3+ Kh7 15. Qe2 Kxh6 16. Qe3+ Kh7 17. Bxf7 Bxf7 18. f4 exf4 19. Qxf4 Bg6 20. Qg4 Rg8 21. Rae1 Bxe1 22. Qh4+ Kg7 23. Qg4 Kf7 24. Rxe1 d5 25. exd5 Qxd5+ 0-1